[Event "RSA-chT U20"]
[Site "Boksburg"]
[Date "2018.01.05"]
[Round "4.1"]
[White "Hastie, Sachin"]
[Black "Masilela, Mpumi"]
[Result "0-1"]
[WhiteElo "1556"]
[BlackElo "1099"]
[PlyCount "114"]
[EventDate "2018.01.04"]
[EventType "team-tourn"]
[EventRounds "7"]
[EventCountry "RSA"]
[SourceTitle "CBM 182 Extra"]
[Source "ChessBase"]
[SourceDate "2018.02.23"]
[SourceVersion "1"]
[SourceVersionDate "2018.02.23"]
[SourceQuality "1"]
[WhiteTeam "Nelson Mandela Bay U20"]
[BlackTeam "Mangaung U20"]
[WhiteTeamCountry "RSA"]
[BlackTeamCountry "RSA"]

1. Nf3 c5 2. g3 Nc6 3. Bg2 Nf6 4. 0-0 e6 5. d4 d5 6. c4 dxc4 7. Qa4 Be7 8. Qxc4 Qb6 9. dxc5 Bxc5 10. Nc3 Na5 11. Qd3 Bd7 12. a3 Nb3 13. Rb1 Nxc1 14. Rbxc1 Rd8 15. Qc2 Ng4 16. Ne4 Be3 17. h3 Bxc1 18. Qxc1 Bc6 19. Nfd2 Ne5 20. Qc3 Qd4 21. Rc1 f5 22. Nb3 Qxc3 23. Nxc3 Bxg2 24. Kxg2 0-0 25. Nc5 Rfe8 26. Rc2 b6 27. Nb3 Rc8 28. e3 Nc4 29. Nd1 Red8 30. Nd4 e5 31. Nxf5 Kf7 32. Rc1 g6 33. Nh6+ Kg7 34. Ng4 h5 35. Nh2 Nxe3+ 36. Nxe3 Rxc1 37. Nf3 Re8 38. h4 Rb1 39. Nc4 b5 40. Ncxe5 Rxe5 41. Nxe5 Rxb2 42. Nc6 a6 43. Nb4 a5 44. Nc6 b4 45. a4 Ra2 46. Nxa5 Rxa4 47. Nb3 Ra3 48. Nd2 b3 49. Kf3 b2+ 50. Kf4 Ra1 51. f3 b1Q 52. Nxb1 Rxb1 53. g4 Rb4+ 54. Kg3 Kf6 55. Kh3 Ke5 56. Kg3 Rb3 57. gxh5 gxh5 0-1

[Event "RSA-chT U20"]
[Site "Boksburg"]
[Date "2018.01.04"]
[Round "2.1"]
[White "Hastie, Sachin"]
[Black "Agulhas, Keegan"]
[Result "1-0"]
[WhiteElo "1556"]
[BlackElo "1937"]
[PlyCount "28"]
[EventDate "2018.01.04"]
[EventType "team-tourn"]
[EventRounds "7"]
[EventCountry "RSA"]
[SourceTitle "CBM 182 Extra"]
[Source "ChessBase"]
[SourceDate "2018.02.23"]
[SourceVersion "1"]
[SourceVersionDate "2018.02.23"]
[SourceQuality "1"]
[WhiteTeam "Nelson Mandela Bay U20"]
[BlackTeam "Western Province U20"]
[WhiteTeamCountry "RSA"]
[BlackTeamCountry "RSA"]

1. Nf3 Nf6 2. g3 g6 3. Bg2 Bg7 4. d4 d6 5. 0-0 0-0 6. c4 Nc6 7. Nc3 a6 8. e4 Rb8 9. a4 Bd7 10. Bf4 Qc8 11. Qd2 Bh3 12. a5 Bxg2 13. Kxg2 b6 14. axb6 cxb6 1-0

[Event "RSA-ch U20"]
[Site "Gauteng"]
[Date "2017.04.08"]
[Round "6"]
[White "Jacobs, Cavan"]
[Black "Hastie, Sachin"]
[Result "0-1"]
[WhiteElo "1659"]
[BlackElo "1615"]
[PlyCount "132"]
[EventDate "2017.04.05"]
[EventType "tourn"]
[EventRounds "9"]
[EventCountry "RSA"]
[SourceTitle "CBM 177 Extra"]
[Source "ChessBase"]
[SourceDate "2017.04.27"]
[SourceVersion "1"]
[SourceVersionDate "2017.04.27"]
[SourceQuality "1"]

1. e4 e5 2. Nf3 Nc6 3. Bb5 Nf6 4. 0-0 Nxe4 5. Re1 Nd6 6. Nxe5 Nxe5 7. Rxe5+ Be7 8. Bd3 0-0 9. Nc3 Bf6 10. Re3 g6 11. b3 Re8 12. Rh3 b6 13. Bb2 Bb7 14. Qg4 Re6 15. Qf4 Bg5 16. Qg3 Bxd2 17. Rxh7 Kxh7 18. f4 Nf5 19. Qh3+ Qh4 20. Bxf5 Qxh3 21. Bxh3 Re7 22. g3 Rae8 23. Kf1 Ba6+ 24. Kg2 Bxc3 25. Bxc3 Re2+ 26. Kg1 Rxc2 27. Bf6 Ree2 28. Bf1 Rxa2 29. Bxe2 Rxa1+ 30. Bxa1 Bxe2 31. Bf6 c5 32. Be7 d5 33. Kf2 Bd1 34. b4 cxb4 35. Ke1 Bb3 36. Bxb4 a5 37. Be7 b5 38. Bd8 a4 39. Be7 Kh6 40. Kd2 f5 41. Kc3 Kh5 42. h3 Bc4 43. Kd4 Bf1 44. Kxd5 Bxh3 45. Kd4 Kg4 46. Kc3 Kxg3 47. Bg5 Kf3 48. Kb4 Ke4 49. Bh6 Kd3 50. Bg7 Kc2 51. Ka3 g5 52. fxg5 f4 53. Be5 f3 54. Bg3 Kc3 55. g6 b4+ 56. Kxa4 b3 57. Ka3 Kc2 58. g7 Be6 59. Kb4 b2 60. Kc5 b1Q 61. Kd6 Qb8+ 62. Ke7 Qxg3 63. g8Q Bxg8 64. Kf8 Qc7 65. Ke8 Bd5 66. Kf8 Qf7# 0-1

[Event "RSA-ch U20"]
[Site "Gauteng"]
[Date "2017.04.07"]
[Round "4"]
[White "Bezuidenhout, Roland Reinhold"]
[Black "Hastie, Sachin"]
[Result "1-0"]
[WhiteElo "2088"]
[BlackElo "1615"]
[PlyCount "73"]
[EventDate "2017.04.05"]
[EventType "tourn"]
[EventRounds "9"]
[EventCountry "RSA"]
[SourceTitle "CBM 177 Extra"]
[Source "ChessBase"]
[SourceDate "2017.04.27"]
[SourceVersion "1"]
[SourceVersionDate "2017.04.27"]
[SourceQuality "1"]

1. e4 e5 2. Nf3 Nc6 3. Bb5 Nf6 4. 0-0 Nxe4 5. d4 Nd6 6. Bxc6 dxc6 7. dxe5 Nf5 8. Qxd8+ Kxd8 9. Nc3 Be7 10. Ne4 h6 11. b3 Be6 12. Bb2 b6 13. h3 Nh4 14. Nd4 Bd5 15. Rfe1 c5 16. Rad1 Kc8 17. Nf5 Nxf5 18. Rxd5 Rd8 19. c4 Kb7 20. Red1 Kc6 21. g4 Nh4 22. f4 Ng6 23. Bc1 Nh4 24. Kf2 Rf8 25. f5 Rfe8 26. Kg3 g5 27. Bb2 a6 28. f6 Bd8 29. Rd7 Ng6 30. Rxf7 b5 31. Rd5 Nf4 32. Rxc5+ Kb6 33. Rd5 Nxd5 34. cxd5 c5 35. Nd6 Bc7 36. Nxe8 Rxe8 37. Re7 1-0

[Event "RSA-ch U20"]
[Site "Gauteng"]
[Date "2017.04.06"]
[Round "3"]
[White "Hastie, Sachin"]
[Black "Valks, Johan"]
[Result "1-0"]
[WhiteElo "1615"]
[BlackElo "1210"]
[PlyCount "103"]
[EventDate "2017.04.05"]
[EventType "tourn"]
[EventRounds "9"]
[EventCountry "RSA"]
[SourceTitle "CBM 177 Extra"]
[Source "ChessBase"]
[SourceDate "2017.04.27"]
[SourceVersion "1"]
[SourceVersionDate "2017.04.27"]
[SourceQuality "1"]

1. Nf3 Nf6 2. g3 g6 3. Bg2 Bg7 4. d4 d5 5. 0-0 0-0 6. c3 c6 7. Nbd2 Re8 8. Ne5 Bf5 9. Qb3 Qc8 10. Re1 Nbd7 11. Nxd7 Qxd7 12. Nf3 Qc7 13. Bf4 Qb6 14. Nd2 Qxb3 15. axb3 Ne4 16. Nxe4 Bxe4 17. Bxe4 dxe4 18. Ra5 b6 19. Ra6 e5 20. dxe5 Bxe5 21. Be3 Red8 22. Rea1 c5 23. Kf1 Rd7 24. Rxb6 axb6 25. Rxa8+ Kg7 26. Ke1 Bf6 27. Ra4 Re7 28. Rc4 Re6 29. b4 cxb4 30. Rxb4 Bd8 31. Ra4 f5 32. Ra7+ Kg8 33. Ra8 Rd6 34. Bg5 Kg7 35. Rxd8 Rxd8 36. Bxd8 b5 37. b3 Kf7 38. Kd2 Ke6 39. Ke3 Kd5 40. Be7 h6 41. h4 Ke5 42. Bf8 h5 43. f3 exf3 44. exf3 Kf6 45. Kf4 Kf7 46. Ba3 Kf6 47. c4 bxc4 48. bxc4 Ke6 49. c5 Kd7 50. Ke5 Kc6 51. Kf6 Kd5 52. Kxg6 1-0

[Event "RSA-ch U18"]
[Site "Bloemfontein"]
[Date "2016.03.22"]
[Round "5"]
[White "Masiya, Mfundo"]
[Black "Hastie, Sachin"]
[Result "1/2-1/2"]
[WhiteElo "1211"]
[BlackElo "1687"]
[PlyCount "58"]
[EventDate "2016.03.20"]
[EventType "swiss"]
[EventRounds "11"]
[EventCountry "RSA"]
[SourceTitle "CBM 171 Extra"]
[Source "ChessBase"]
[SourceDate "2016.04.26"]
[SourceVersion "1"]
[SourceVersionDate "2016.04.26"]
[SourceQuality "1"]

1. e4 e5 2. Nf3 Nf6 3. Nxe5 d6 4. Nf3 Nxe4 5. Nc3 Nxc3 6. dxc3 Be7 7. Be2 c6 8. Qd2 Qa5 9. h3 0-0 10. Bd3 Nd7 11. a3 Ne5 12. Nxe5 dxe5 13. g4 Be6 14. c4 Qc7 15. Qc3 Rfe8 16. 0-0 Bf8 17. g5 g6 18. h4 Bg7 19. Be4 Rad8 20. Re1 Bf5 21. Bxf5 gxf5 22. Qb3 c5 23. a4 Re6 24. Bd2 e4 25. Qa3 Qd6 26. Bc3 Bxc3 27. Qxc3 Qf4 28. Kf1 Rdd6 29. Qa5 Qe5 1/2-1/2

[Event "RSA-ch U18"]
[Site "Bloemfontein"]
[Date "2016.03.21"]
[Round "3"]
[White "Hastie, Sachin"]
[Black "Frank, Daniel"]
[Result "1-0"]
[WhiteElo "1687"]
[BlackElo "1375"]
[PlyCount "71"]
[EventDate "2016.03.20"]
[EventType "swiss"]
[EventRounds "11"]
[EventCountry "RSA"]
[SourceTitle "CBM 171 Extra"]
[Source "ChessBase"]
[SourceDate "2016.04.26"]
[SourceVersion "1"]
[SourceVersionDate "2016.04.26"]
[SourceQuality "1"]

1. Nf3 g6 2. g3 Bg7 3. d4 e6 4. Bg2 Nf6 5. 0-0 0-0 6. c4 d5 7. Qd3 Nc6 8. a3 Ne8 9. cxd5 exd5 10. Bg5 Nf6 11. Nc3 Bf5 12. Qd1 h6 13. Bf4 a6 14. Qb3 Rb8 15. Rfd1 Na5 16. Qb4 Nc4 17. Rac1 Nb6 18. Na4 a5 19. Qb3 Nc4 20. Nc3 b6 21. Nxd5 Nxd5 22. Qxc4 Nxf4 23. gxf4 Rc8 24. Rc3 c5 25. Qb3 cxd4 26. Rxc8 Qxc8 27. Nxd4 Bxd4 28. Rxd4 Be6 29. Qd1 Bg4 30. Qd2 Re8 31. e4 Qe6 32. Rd6 Qa2 33. Rd3 Qb1+ 34. Bf1 Rxe4 35. Rd8+ Kg7 36. Qc3+ 1-0

[Event "RSA-chT U18"]
[Site "Cape Town"]
[Date "2016.01.06"]
[Round "5.2"]
[White "Essop, Hishaam"]
[Black "Hastie, Sachin"]
[Result "1-0"]
[WhiteElo "1783"]
[BlackElo "1450"]
[PlyCount "45"]
[EventDate "2016.01.04"]
[EventType "team-tourn"]
[EventRounds "7"]
[EventCountry "RSA"]
[SourceTitle "CBM 170 Extra"]
[Source "ChessBase"]
[SourceDate "2016.02.25"]
[SourceVersion "1"]
[SourceVersionDate "2016.02.25"]
[SourceQuality "1"]
[WhiteTeam "Western Province"]
[BlackTeam "Nelson Mandela Bay"]
[WhiteTeamCountry "RSA"]
[BlackTeamCountry "RSA"]

1. e4 Nf6 2. e5 Nd5 3. d4 d6 4. Nf3 dxe5 5. dxe5 Nc6 6. c4 Nb6 7. Qxd8+ Kxd8 8. Bf4 Bf5 9. Nc3 a6 10. 0-0-0+ Ke8 11. c5 Nd7 12. Nd5 Rc8 13. e6 fxe6 14. Nxc7+ Kd8 15. Ng5 e5 16. Nge6+ Bxe6 17. Nxe6+ Ke8 18. Be3 Nd4 19. Nxd4 exd4 20. Bxd4 Nxc5 21. Kb1 Ne4 22. Be3 Nd6 23. Be2 1-0